000 02198cam a22004334i 4500
003 PE-LiUPU
005 20250731183421.0
008 150625s r 000 0 d
020 _a8429121048
035 _a(Sirsi) i9788429121049
040 _aPE-LiUPU
_bspa
_cPE-LiUPU
_erda
049 _aPRUA
082 0 4 _a720
_bM94
_221
100 1 _aMuñoz Cosme, Alfonso,
_eautor.
245 1 0 _aIniciación a la arquitectura :
_bla carrera y el ejercicio de la profesión /
_cAlfonso Muñoz Cosme.
264 1 _aBarcelona :
_bReverté,
_c2004.
300 _a220 páginas :
_bilustraciones, ;
_c24 centímetros
336 _atext
_2rdacontent
337 _aunmediated
_2rdamedia
338 _avolume
_2rdacarrier
490 0 _aEstudios Universitarios de Arquitectura ;
_v4
504 _aIncluye bibliografía.
505 0 _aQué es la agricultura. -Los estudios universitarios. -La carrera de María Estudiantes nómadas. -El mundo del arquitecto. -En busca del primer trabajo. -Los caminos profesionales. -Un día en la vida de cuatro arquitectos. -Perspectivas de futuros. .
526 _aP158
526 _aP146
526 _aP17
526 _aP12
526 _aP06
541 _g001-000377;
541 _g0054-0000885;
650 0 4 _aArquitectura
_xIntroducciones.
942 _2ddc
_cBOOK
949 _a720 M94
_wDEWEY
_c1
_i60600
_d2016-10-24
_e2016-10-24
_lCCODEBUL1
_mBUL
_n1
_p25.00
_r0
_sY
_tBOOK
_u2015-6-25
_xINGENIERIA
_PP06
_0COMPRA
_o.STAFF. Colección General
949 _a720 M94
_wDEWEY
_c2
_i57962
_lCCODEBUL1
_mBUL
_p27.00
_r0
_sY
_tBOOK
_u2015-6-25
_xINGENIERIA
_PP06
_0COMPRA
_o.STAFF. Colección General
994 _aC0
_bPEPRU
596 _a1
999 _a720 M94
_wDEWEY
_c46944
_i60600
_d46944
_e2016-10-24
_f2021-11-9
_g7
_lCCODEBUL1
_mBUL
_n1
_p25.00
_r0
_sY
_tBOOK
_u2015-6-25
_xINGENIERIA
_PP06
_0COMPRA
_o.STAFF. Colección General
999 _a720 M94
_wDEWEY
_c2
_i57962
_f2021-11-9
_g7
_lCCODEBUL1
_mBUL
_p27.00
_r0
_sY
_tBOOK
_u2015-6-25
_xINGENIERIA
_PP06
_0COMPRA
_o.STAFF. Colección General
980 _81
_gALBERTO SANCHEZ Responsable de Automatización